000 00737nam a2200205 a 4500
001 1631
005 20140414131844.0
008 010529s19uu xx 00 eng d
020 _a0-89565-418-0
050 _aM 170.2
_bP37 1988
100 _aPemberton, N.
245 _aResponsibility /
_cby N. Pemberton and J. Riehecky ; illustrated by L. Hohag and L. Jacobson.
260 _aMankato, MN :
_bThe Child's World,
_c1988.
300 _a31 p. ; col. ill. ; cm.
440 _aValues to live by
520 _aSuggest ways to show responsibility, such as remembering to feed kitty, eating one's peas, and wearing boots in the rain.
650 _aResponsibility - Juvenile literature.
650 _aConduct of life.
999 _c109862
_d109862